00570 2200205 4500001002100000005001500021035002000036007000300056008004100059020001800100082000800118084001400126100001500140245007800155260004900233300003100282650002000313700001800333990001300351INLIS00000000000054620230102112127 a0010-0123000013ta230102 g f ind  a979-605-117-6 a813 a813 R.L g0 aR.L. Stine1 aGoosebumps: Gadis pecinta monster /cR.L. Stine,penerjemah: Hidayat Saleh aJakarta :bPT. Gramedia Pustaka Utama,c1994 a160 hlm. :bIlus ;c20 cm. 4aFiksi Indonesia0 aHidayat Saleh a06620662